LIBRARY & INFORMATION CENTRE, KCAET, TAVANUR

ONLINE PUBLIC ACCESS CATALOGUE (OPAC)

Postharvest Management and Processing Technology: Cereals, Pulses, Oilseeds, Fruits and Vegetables (Record no. 14252)

MARC details
000 -LEADER
fixed length control field 00371nam a22001217a 4500
020 ## - INTERNATIONAL STANDARD BOOK NUMBER
ISBN 9788170357872
082 ## - DEWEY DECIMAL CLASSIFICATION NUMBER
Classification number 631.56
Item number CHA/PO
100 ## - MAIN ENTRY--AUTHOR NAME
Personal name Chavan, U.D
-- Pawar, V. D
245 ## - TITLE STATEMENT
Title Postharvest Management and Processing Technology: Cereals, Pulses, Oilseeds, Fruits and Vegetables
260 ## - PUBLICATION, DISTRIBUTION, ETC. (IMPRINT)
Place of publication New Delhi
Name of publisher Daya Publishing HOUSE
Year of publication 2012
300 ## - PHYSICAL DESCRIPTION
Number of Pages 409
942 ## - ADDED ENTRY ELEMENTS (KOHA)
Koha item type Books
Holdings
Withdrawn status Lost status Damaged status Collection code Home library Current library Shelving location Date acquired Source of acquisition Cost, normal purchase price Full call number Accession Number Koha item type
        KAUAET KAUAET General Stacks 08/06/2016 Universal Research Books, Thrissur 1900.00 631.56 CHA/PO 24303 Books
free website counter